| 000 | 01389nam a2200241Ia 4500 | ||
|---|---|---|---|
| 003 | Ost | ||
| 005 | 20260507075103.0 | ||
| 008 | 260507s9999||||xx |||||||||||||| ||und|| | ||
| 020 | _a9789961005873 | ||
| 040 | _cfsecg | ||
| 041 | _aara | ||
| 082 | _a339 | ||
| 100 |
_aقدي، عبد المجيد _eمؤلف _912 |
||
| 245 | 0 |
_aالمدخل الى السياسات الإقتصادية الكلية : _bدراسة تحليلية تقييمية / _c عبد المجيد قدي |
|
| 250 | _aطبعة 4 | ||
| 260 |
_aالجزائر: _bديوان المطبوعات الجامعية, _c2017 |
||
| 300 |
_a307 صفحة؛ _bإيضاحات ؛ _c22 سم |
||
| 520 | _aيعتبر هذا الكتاب كمدخل الى السياسات الاقتصادية الكلية ، ويشمل الدور الإقتصادي للدول وماهية السياسة الإقتصادية والسياسات النقدية، و سياسة الصرف بالاضافة الى السياسة الضريبية وسياسة الإنفاق العام وسياسة العجز الموازي والسياسات الإقتصادية الهيكلية وفي الأخير مزيج السياسات الإقتصادية أو برامج الإصلاح الإقتصادي. | ||
| 653 | _aالإقتصاد | ||
| 653 | _aالإقتصاد الكلي | ||
| 653 | _aالسياسات الإقتصادية | ||
| 942 | _cكتاب | ||
| 999 |
_c42813 _d42813 |
||